UBT Library

Tranzicioni dhe Reformat Institucionale në Kosovë (Record no. 60947)

000 -LEADER
fixed length control field 00337nam a22001337a 4500
008 - FIXED-LENGTH DATA ELEMENTS--GENERAL INFORMATION
fixed length control field 260327b ||||| |||| 00| 0 eng d
020 ## - INTERNATIONAL STANDARD BOOK NUMBER
International Standard Book Number 9789951430326
041 ## - LANGUAGE CODE
Language code of text/sound track or separate title Shqip
080 ## - UNIVERSAL DECIMAL CLASSIFICATION NUMBER
Universal Decimal Classification number 338.2
100 ## - Rafti
Rafti 32
101 ## - Shkurtesa
Shkurtesa Tranzicioni
245 ## - TITLE STATEMENT
Title Tranzicioni dhe Reformat Institucionale në Kosovë
Statement of responsibility, etc Muhamet Sadiku
942 ## - ADDED ENTRY ELEMENTS (KOHA)
Source of classification or shelving scheme
Item type Books
Holdings
Withdrawn status Lost status Source of classification or shelving scheme Damaged status Not for loan Collection code Permanent location Current location Date acquired Total Checkouts Barcode Date last seen Price effective from Koha item type
          Koleksioni i përgjithshem UBT - Lipjan UBT - Lipjan 03/27/2026   003-800070999502 03/27/2026 03/27/2026 Books
UBT Library © 2015-2024. All rights reserved University Education for Business and Technology